| 000 | 00430cam a2200181ua 4500 | ||
|---|---|---|---|
| 020 | _c2.00 | ||
| 041 |
_amal _h |
||
| 082 |
_a894.81209 _bSUR/SR |
||
| 100 | _aSurendran, K . | ||
| 245 |
_aSrushtiyum niroopanavum / _cK Surendran. _hTextual Documents |
||
| 250 |
_a1 / _b. |
||
| 260 |
_aTrivandrum : _bK Surendran , _c1968. |
||
| 300 | _a130 ; . | ||
| 365 | _a2.00 | ||
| 504 | _a | ||
| 942 | _cBK | ||
| 999 |
_c12588 _d12588 |
||